Coloquios nocturnos en Jerusalén: sobre el riesgo de la fe
Guardat en:
| Autors principals: | , |
|---|---|
| Format: | Llibre |
| Idioma: | espanyol |
| Publicat: |
Madrid
San Pablo
2008
|
| Edició: | 1a. ed |
| Matèries: | |
| Etiquetes: |
Afegir etiqueta
Sense etiquetes, Sigues el primer a etiquetar aquest registre!
|
MARC
| LEADER | 00000cam a2200000 a 4500 | ||
|---|---|---|---|
| 001 | UCC6464 | ||
| 003 | CL-VaPUC | ||
| 008 | 181213e20080000sp |||||||||||||||||spa|d | ||
| 020 | |a 9788428533904 | ||
| 082 | 0 | 4 | |a 234.2 |b MAR |2 21 |
| 100 | |a Martini, Carlo María |e autor |9 600928 | ||
| 700 | 0 | |a Sporschill, Georg |e author |9 600926 | |
| 245 | 1 | 0 | |a Coloquios nocturnos en Jerusalén: sobre el riesgo de la fe |
| 250 | |a 1a. ed | ||
| 300 | |a 193 p | ||
| 942 | |c BK | ||
| 945 | |d 20181213 14:55:00 |a dcastane | ||
| 260 | |a Madrid |b San Pablo |c 2008 | ||
| 650 | 0 | |a Fe |9 308036 | |
| 650 | 0 | |a Vida cristiana |9 258753 | |
| 650 | 0 | |a Espiritualidad |9 267331 | |
| 583 | |a last modification |c 20181213 14:55:00 |k Rodrigo Vera | ||
| 999 | |c 373405 |d 373403 | ||
| 952 | |0 0 |1 0 |3 erb |4 0 |6 234_200000000000000_MAR_2008 |7 0 |8 A |9 491506 |a BIBTEO |b BIBTEO |e Precht Pizarro, Jorge Enrique |i 5521246 |o 234.2 MAR 2008 |p 5521246 |r 2025-01-17 |w 2019-11-24 |y BK |z Catalogado en:20181213 |k ICR | ||